|
|
|
|
| LEADER |
00000cam a2200000 7i4500 |
| 001 |
0000000694 |
| 005 |
20220105103912.0 |
| 008 |
070702 |
| 020 |
|
|
|a 983880729X(set)
|
| 020 |
|
|
|a 9838807346
|
| 090 |
0 |
0 |
|a JP
|b MAL (434)
|
| 100 |
0 |
|
|a Kelembai
|
| 245 |
1 |
0 |
|a Sang Belang terpedaya
|c Kelembai
|
| 260 |
|
|
|a Selangor :
|b Eddiplex ,
|c 2006
|
| 440 |
|
|
|a Siri kisah-kisah sang pungguk
|
| 500 |
|
|
|a Children age 4-6 years old (yellow)
|
| 650 |
|
0 |
|a Junior preschool
|x Malay
|x Languages
|
| 710 |
0 |
|
|a Title
|
| 999 |
|
|
|a 0000942662
|b Book
|c Children Collection
|e Cawangan Taman Sri Lambak
|
| 999 |
|
|
|a 0000942663
|b Book
|c Children Collection
|e Cawangan Taman Sri Lambak
|
| 999 |
|
|
|a 0000955475
|b Book
|c Children Collection
|e Cawangan Pontian
|
| 999 |
|
|
|a 0000955476
|b Book
|c Children Collection
|e Cawangan Pontian
|
| 999 |
|
|
|a 0000960317
|b Book
|c Children Collection
|e Perbadanan Perpustakaan Awam Johor
|